000 01155nam0a22002651 4500
001 rc\4007267
005 20130415125318.7
035 _a(NLR Aleph) 007901283
090 _a8039584
_c8039584
100 _a20130415d1954 |||y0rusy50 ca
101 0 _arus
102 _aRU
105 _ay z |||||
200 1 _aОсновные разделы и система показателей народнохозяйственного плана СССР
_e(Учеб. пособие по курсу планирования нар. хозяйства)
_fВсесоюз. заоч. фин. ин-т М-ва высш. образования СССР
210 _aМосква
_cБ. и.
_d1954
215 _a40 с.
_d21
300 _aПеред загл. авт.: канд. экон. наук доц. С.Г. Гурович
606 _aНароднохозяйственный план СССР
_2psbo
700 1 _aГурович
_bС. Г.
_gСоломон Григорьевич
712 0 2 _aВсесоюзный заоч. фин. ин-т
801 0 _aRU
_bNLR
_gpsbo
801 1 _aRU
_bELAR
_2rusmarc
852 _aNLR
_jЭк30 Г-4/592
942 _cBOOK
980 _aNB